000 00463nam a2200145 4500
999 _c11525
_d11525
008 181207b ||||| |||| 00| 0 eng d
022 _a
082 _aDPer 050 T48 Apr-June 2016 v. 187, n. 12-24
100 _933068
_aJacobs, Marc
245 _aYayoi Kusama:
_bthe eternal radical/
_cMarc Jacobs.
260 _aHong Kong:
_bTime Asia,
_cc2016.
300 _av187 n16-17, pages 48-49:
_billustrations;
_c27 cm.
650 0 _933069
_aCelebrities.
942 _2ddc
_cPER